00617nam a2200169Ia 450000500170000000800410001702000180005808200130007610000150008924500830010426000300018730000130021750001110023094200060034195200850034799900150043220250620034610.0240331s9999 xx 000 0 und d a9789551282011 a323bLIY aLiyanage,K 0aSthiri Purusha Desapalana NiyojanayaSamanada :bPangu krama Nya saha bawithaya bFried Ebert Stiftenc2012 a196 p ., aA book on is gender- based political participation acceptable? the seven methods of division and their use cL 001040708LaWERCLbWERCLcSSCd2024-03-31l0p6789r2024-03-31w2024-03-31yL c5826d5826